| Tag |
First Indicator |
Second Indicator |
Subfields |
| LEADER |
00000cam a2200000Ia 4500 |
| 001 |
in00002475421 |
| 005 |
20210817090519.0 |
| 006 |
m d |
| 007 |
cr cn||||||||| |
| 008 |
081217s2007 nyua sb 001 0deng d |
| 020 |
|
|
|a 0387464093
|
| 020 |
|
|
|a 9780387464091
|
| 035 |
|
|
|a (OCoLC)288524613
|
| 035 |
|
|
|a (OCoLC)ocn288524613
|
| 037 |
|
|
|a 978-0-387-46408-4
|b Springer
|n http://www.springerlink.com
|
| 040 |
|
|
|a GW5XE
|b eng
|c GW5XE
|d UtOrBLW
|
| 049 |
|
|
|a TEFA
|
| 050 |
1 |
4 |
|a QA276.15
|b .H353 2007eb
|
| 072 |
|
7 |
|a QA
|2 lcco
|
| 082 |
0 |
4 |
|a 519.5/4
|2 22
|
| 100 |
1 |
|
|a Hald, Anders,
|d 1913-
|0 http://id.loc.gov/authorities/names/n50018598
|
| 245 |
1 |
2 |
|a A history of parametric statistical inference from Bernoulli to Fisher, 1713-1935 /
|c Anders Hald.
|
| 264 |
|
1 |
|a New York :
|b Springer,
|c [2007]
|
| 264 |
|
4 |
|c ©2007
|
| 300 |
|
|
|a ix, 223 pages :
|b illustrations ;
|c 25 cm.
|
| 336 |
|
|
|a text
|b txt
|2 rdacontent
|
| 337 |
|
|
|a computer
|b c
|2 rdamedia
|
| 338 |
|
|
|a online resource
|b cr
|2 rdacarrier
|
| 490 |
1 |
|
|a Sources and studies in the history of mathematics and physical sciences
|
| 500 |
|
|
|a Electronic resource.
|
| 504 |
|
|
|a Includes bibliographical references (pages 201-215) and indexes.
|
| 505 |
0 |
0 |
|g pt. 3. The
|t central limit theorem and linear minimum variance estimation by Laplace and Gauss --
|g 12.
|t Laplace's central limit theorem and linear minimum variance estimation --
|g 13.
|t Gauss's theory of linear minimum variance estimation --
|g pt. 4.
|t Error theory, skew distributions : Correlation, sampling distributions --
|g 14. The
|t development of a frequentist error theory --
|g 15.
|t Skew distributions and the method of moments --
|g 16.
|t Normal correlation and regression --
|g 17.
|t Sampling distributions under normality, 1876-1908 --
|g pt. 5. The
|t Fisherian revolution, 1912-1935 --
|g 18.
|t Fisher's early papers, 1912-1921 --
|g 19. The
|t revolutionary paper, 1922 --
|g 20.
|t Studentization, the F distribution, and the analysis of variance, 1922-1925 --
|g 21. The
|t likelihood function, ancillarity, and conditional inference --
|t References --
|t Subject index --
|t Author index.
|
| 505 |
0 |
0 |
|t Preface --
|g 1. The
|t three revolutions in parametric statistical inference --
|g pt. 1.
|t Binomial statistical inference : the three pioneers : Bernoulli (1713), de Moivre (1733), and Bayes (1764) --
|g 2.
|t James Bernoulli's law of large numbers for the binomial, 1713, and its generalization --
|g 3.
|t De Moivre's normal approximation to the binomial, 1733, and its generalization --
|g 4.
|t Bayes's posterior distribution of the binomial parameter and his rule for inductive inference, 1764 --
|g pt. 2.
|t Statistical inference by inverse probability : Inverse probability from Laplace (1774), and Gauss (1809) to Edgeworth (1909) --
|g 5.
|t Laplace's theory of inverse probability, 1774-1786 --
|g 6. A
|t nonprobabilistic interlude: the fitting of equations to data, 1750-1805 --
|g 7.
|t Gauss's derivation of the normal distribution and the method of least squares, 1809 --
|g 8.
|t Credibility and confidence intervals by Laplace and Gauss --
|g 9. The
|t multivariate posterior distribution --
|g 10.
|t Edgeworth's genuine inverse method and the equivalence of inverse and direct probability in large samples, 1908 and 1909 --
|g 11.
|t Criticisms of inverse probability --
|
| 533 |
|
|
|a Electronic reproduction.
|b New York :
|c Springer,
|d 2008.
|n Mode of access: World Wide Web.
|n System requirements: Web browser.
|n Title from title screen (viewed on Dec. 15, 2008).
|n Access may be restricted to users at subscribing institutions.
|
| 650 |
1 |
7 |
|a Statistiek.
|2 gtt
|
| 650 |
1 |
7 |
|a Statistische methoden.
|2 gtt
|
| 650 |
|
0 |
|a Mathematical statistics
|x History.
|0 http://id.loc.gov/authorities/subjects/sh2010101007
|
| 650 |
|
6 |
|a Statistique mathématique
|x Histoire.
|
| 655 |
|
7 |
|a Electronic books.
|2 local
|
| 710 |
2 |
|
|a SpringerLink (Online service)
|0 http://id.loc.gov/authorities/names/no2005046756
|
| 776 |
1 |
|
|c Original
|z 9780387464084
|z 0387464085
|w (DLC) 2006933417
|w (OCoLC)78203375
|
| 830 |
|
0 |
|a Sources and studies in the history of mathematics and physical sciences.
|0 http://id.loc.gov/authorities/names/n99050535
|
| 856 |
4 |
0 |
|u http://proxy.library.tamu.edu/login?url=https://dx.doi.org/10.1007/978-0-387-46409-1
|z Connect to the full text of this electronic book
|t 0
|
| 856 |
4 |
2 |
|3 Publisher description
|u http://www.loc.gov/catdir/enhancements/fy0818/2006933417-d.html
|t 0
|
| 994 |
|
|
|a C0
|b TEF
|
| 999 |
|
|
|a MARS
|
| 999 |
f |
f |
|s dd7ea059-789f-39cd-8832-7b37509600f8
|i 8f3fb550-a1e6-3d8d-aa0a-c3f685f16444
|t 0
|
| 952 |
f |
f |
|a Texas A&M University
|b College Station
|c Electronic Resources
|d Available Online
|t 0
|e QA276.15 .H353 2007eb
|h Library of Congress classification
|
| 998 |
f |
f |
|a QA276.15 .H353 2007eb
|t 0
|l Available Online
|